| 000 | 01107cam a22002771i 4500 | ||
|---|---|---|---|
| 003 | SA-RiAUC | ||
| 005 | 20250126074022.0 | ||
| 008 | 250125s2005 su g 00010dara c | ||
| 020 | _a9960476251 | ||
| 040 |
_aSA-JeKAU _bara _cSA-RiAUC _erda |
||
| 043 | _aa-su--- | ||
| 082 | 0 | 4 |
_a720.953122 _qSA-RiAUC |
| 090 |
_a720.953122 _bط ه |
||
| 100 | 1 |
_aطه، حاتم عمر، _d1377 هجري- _eمؤلف. |
|
| 245 | 1 | 2 |
_aالكوكب الدري : _bالحجرات : بيوت النبي عليه الصلاة والسلام / _cحاتم عمر طه. |
| 250 | _aالطبعة الأولى. | ||
| 264 | 1 |
_aالمدينة المنورة : _bمكتبة الحلبي، _c2005 |
|
| 300 |
_a300 صفحة ؛ _c30 سم |
||
| 336 |
_aنص _btxt _2rdacontent _3كتاب |
||
| 337 |
_aبدون وسيط _bn _2rdamedia |
||
| 338 |
_aمجلد _bnc _2rdacarrier |
||
| 600 | 0 | 7 |
_aمحمد (صلى الله عليه وسلم)، _d53 قبل الهجرة-11 هجري _2aucnm |
| 650 | 7 |
_aالعمارة الإسلامية _zالمدينة المنورة _2aucsh |
|
| 942 |
_2ddc _cBOOK _n0 |
||
| 949 |
_aSA-JeALM _d250125 _uosman123 _n1 |
||
| 999 |
_c5250 _d5250 |
||